Essentials of Electrical and Computer Engineering

With sound, practically-oriented coverage of all the basic concepts in electrical engineering, the second edition of this book represents the best balanced general introduction to the field available. It superbly integrates conceptual discussions with current, relevant technological applications. Th...

Deskribapen osoa

Gorde:
Xehetasun bibliografikoak
Egile nagusia: Kerns, David V.
Formatua: Liburua
Hizkuntza:Undetermined
Argitaratua: New Jersey Pearson Education, Inc. 2004
Gaiak:
Etiketak: Etiketa erantsi
Etiketarik gabe, Izan zaitez lehena erregistro honi etiketa jartzen!
Thư viện lưu trữ: Trung tâm Học liệu Trường Đại học Cần Thơ
LEADER 01312nam a2200205Ia 4500
001 CTU_94381
008 210402s9999 xx 000 0 und d
020 |c 96.00 
082 |a 621.3 
082 |b K39 
100 |a Kerns, David V. 
245 0 |a Essentials of Electrical and Computer Engineering 
245 0 |c David V. Kerns, JR 
260 |a New Jersey 
260 |b Pearson Education, Inc. 
260 |c 2004 
520 |a With sound, practically-oriented coverage of all the basic concepts in electrical engineering, the second edition of this book represents the best balanced general introduction to the field available. It superbly integrates conceptual discussions with current, relevant technological applications. This text clearly presents the fundamentals in the context of various applications from all engineering fields. It also introduces and utilizes the latest technologies to illustrate how modern technologies are interdisciplinary. Chapter topics include circuits, transient analysis, steady state power analysis, operational amplifiers, and more. For anyone who wants to use a self-study approach to learn the fundamentals of electrical engineering. 
650 |a Electric engineering,Computer engineering 
904 |i Trúc 
980 |a Trung tâm Học liệu Trường Đại học Cần Thơ